Készlet és raktárgazdálkodás gyakorlata az Il Diverso Kft. vonatkoztatásában
| Szerző: | |
|---|---|
| További közreműködők: | |
| Dokumentumtípus: | Projektmunka |
| Kulcsszavak: | árukészlet logisztika raktárgazdálkodás számítógépes készletgazdálkodás tárolás |
| Online Access: | http://dolgozattar.uni-bge.hu/59929 |
MARC
| LEADER | 00000nnm a2200000 i 4500 | ||
|---|---|---|---|
| 001 | dolg59929 | ||
| 005 | 20260409145747.0 | ||
| 008 | 260409suuuu hu o 000 hun d | ||
| 040 | |a BGE Dolgozattár Repozitórium |b hun | ||
| 041 | |a hu | ||
| 100 | 1 | |a Németh Mátyás | |
| 245 | 1 | 0 | |a Készlet és raktárgazdálkodás gyakorlata az Il Diverso Kft. vonatkoztatásában |c Németh Mátyás |h [elektronikus dokumentum] |
| 516 | |a Project_work | ||
| 520 | 3 | |a Dolgozatom központi témája a készlet-és raktárgazdálkodás gyakorlati megvalósításának bemutatása a villamossági szektorban, az Il Diverso Kft. példáján keresztül. A kutatásom célja, hogy feltárja milyen kihívásokkal és fejlődési lehetőséggel szembesül egy villamossági termékekkel foglalkozó kis- és nagykereskedelmi vállalkozás a készlettartás, raktározás és egyéb logisztikai feladatok optimalizálása során. A szakirodalmi áttekintés során a logisztikai alapfogalmak, az ellátáslánc menedzsment, a készletgazdálkodás módszerei, a raktártechnológiák, valamint a számítógépes raktárirányítás és az azonosítási rendszerek elméleti hátterét dolgoztam fel. Majd ezt követően bemutattam a cég fejlődését, jelenlegi tevékenységeit és raktárának működését, hangsúlyt fektetve a tárolási rendszerekre, a komissiózási folyamatokra és a vonalkódos azonosítás bevezetésére. A primer kutatásom alapját egy félig strukturált interjú képezte a vállalat egyik tulajdonosával, melynek keretén belül a szezonális kereslet, a technológiai fejlődés készletgazdálkodásra gyakorolt hatása, a készlettartási költségek optimalizálása, valamint a tárolási módok térfogat-kihasználásra gyakorolt hatását térképeztem fel. A kutatás eredményei alapján megállapítható, hogy a digitális raktárirányítás és a célzott tárolási megoldások alkalmazása jelentős mértékben növeli a pontosság, illetve a raktári folyamatok hatékonyságát. Dolgozatom végén javaslatokat fogalmaztam meg a raktári logisztikai rendszer továbbfejlesztésére, különösen a komissiózási körjáratok optimalizálására és az aprócikkek tárolásának kezelésére, figyelembe véve a villamossági iparág sajátos igényeit. | |
| 695 | |a árukészlet | ||
| 695 | |a logisztika | ||
| 695 | |a raktárgazdálkodás | ||
| 695 | |a számítógépes készletgazdálkodás | ||
| 695 | |a tárolás | ||
| 700 | 1 | |a Domboróczky Dr. Zoltán |e ths | |
| 856 | 4 | 0 | |u http://dolgozattar.uni-bge.hu/59929/1/Nemeth_Matyas_Keszlet_es_raktargazdalkodas.pdf |z Dokumentum-elérés |
| 856 | 4 | 0 | |u http://dolgozattar.uni-bge.hu/59929/2/Nemeth_Matyas_melleklet.pdf |z Dokumentum-elérés |
| 856 | 4 | 0 | |u http://dolgozattar.uni-bge.hu/59929/3/N%C3%A9meth_M%C3%A1ty%C3%A1s_KM%20FOSZK%20b%C3%ADr%C3%A1lati%20lap.pdf |z Dokumentum-elérés |